Synthesis Of Carboxymethyl Cellulose (CMC) Based Composite Membrane And Testing Its Performance For Saline Water Treatment (Record no. 233340)

000 -LEADER
fixed length control field nam a22 7a 4500
003 - CONTROL NUMBER IDENTIFIER
control field Nust
005 - DATE AND TIME OF LATEST TRANSACTION
control field 20170307101831.0
008 - FIXED-LENGTH DATA ELEMENTS--GENERAL INFORMATION
fixed length control field 170307b xxu||||| |||| 00| 0 eng d
040 ## - CATALOGING SOURCE
Transcribing agency 0
050 ## - LIBRARY OF CONGRESS CALL NUMBER
Classification number 363.7 NEE
082 ## - DEWEY DECIMAL CLASSIFICATION NUMBER
Classification number 363.7 NEE
100 ## - MAIN ENTRY--PERSONAL NAME
Personal name Ayesha Neelam
245 ## - TITLE STATEMENT
Title Synthesis Of Carboxymethyl Cellulose (CMC) Based Composite Membrane And Testing Its Performance For Saline Water Treatment
Statement of responsibility, etc. Ayesha Neelam
260 ## - PUBLICATION, DISTRIBUTION, ETC.
Place of publication, distribution, etc. Islamabad
Name of publisher, distributor, etc. IESE (SCEE) NUST
Date of publication, distribution, etc. 2015.
300 ## - PHYSICAL DESCRIPTION
Extent 56 p.
Other physical details HB.
440 ## - SERIES STATEMENT/ADDED ENTRY--TITLE
Title MS Environmental Science
500 ## - GENERAL NOTE
General note Thesis MS ES
650 ## - SUBJECT ADDED ENTRY--TOPICAL TERM
Topical term or geographic name entry element Environmental Science
700 ## - ADDED ENTRY--PERSONAL NAME
Relator code Dr. Muhammad Arshad (Supervisor)
942 ## - ADDED ENTRY ELEMENTS (KOHA)
Source of classification or shelving scheme
Koha item type Thesis
Call number prefix IESE
Holdings
Withdrawn status Lost status Source of classification or shelving scheme Damaged status Not for loan Collection code Permanent Location Current Location Shelving location Date acquired Total Checkouts Full call number Barcode Date last seen Price effective from Koha item type
            Central Library (CL) Central Library (CL) Thesis 08/26/2020   628.05 CL-T-5754 08/26/2020 08/26/2020 Thesis
        Not For Loan   Institute of Environmental Science and Engineering (IESE) Institute of Environmental Science and Engineering (IESE) Thesis 03/07/2017   363.7 NEE IESE-T-350 03/07/2017 03/07/2017 Thesis
© 2023 Central Library, National University of Sciences and Technology. All Rights Reserved.